TV Shows by Definition Quiz Stats

 Plays Quiz Updated Nov 19, 2019

Score 0/15 Timer 03:00
14 Plays Today
% Correct
Arrow
97.2%
Dallas
96.4%
Daredevil
95.6%
Firefly
95.6%
Cheers
95.5%
Friends
94.9%
Lost
94.8%
M*A*S*H
93.8%
% Correct
Rectify
93.6%
Supernatural
91.1%
Elementary
89.1%
Jeopardy!
87.6%
Homeland
85.2%
Manifest
84.1%
Dexter
82%

You're not logged in!

Compare scores with friends on all Sporcle quizzes.
OR
Log In

Sporcle TV

Today on Sporcle TV


Watch our educational content, quiz creation guides, and fun videos on Sporcle TV.

Show Comments

Extras

Top Quizzes Today


Score Distribution

Your Account Isn't Verified!

In order to create a playlist on Sporcle, you need to verify the email address you used during registration. Go to your Sporcle Settings to finish the process.

Report this User

Report this user for behavior that violates our Community Guidelines.

Details: